[Event "Stockholm Master Open 2012"]
[Site "Stockholm SWE"]
[Date "2012.07.01"]
[Round "5.14"]
[White "Furhoff,J"]
[Black "Svensson,Hakan"]
[Result "1/2-1/2"]
[WhiteElo "2358"]
[BlackElo "2079"]

1.e4 e6 2.d4 d5 3.Nd2 Be7 4.Ngf3 Nf6 5.Bd3 c5 6.e5 Nfd7 7.c3 Nc6 8.O-O g5
9.h3 h5 10.g4 Qc7 11.Re1 hxg4 12.hxg4 b6 13.Nf1 Bb7 14.Ng3 O-O-O 15.Qe2 Rdg8
16.Bd2 Kb8 17.Kg2 Rh4 18.Nxh4 gxh4 19.Nh5 cxd4 20.f4 dxc3 21.bxc3 d4 22.Kh3 Nc5
23.Rac1 dxc3 24.Bxc3 Rd8 25.Red1 Nd4 26.Bxd4 Rxd4 27.Bc2 Qd8 28.Qf2 Nd3 29.Bxd3 Rxd3+
30.Rxd3 Qxd3+ 31.Kh2 Bc5 32.Rxc5 bxc5 33.Qxc5 Qf3 34.Qd6+ Kc8 35.Qf8+ Kc7
36.Qd6+  1/2-1/2

[Event "7th Wroclaw Open A"]
[Site "Wroclaw POL"]
[Date "2012.07.02"]
[Round "1.22"]
[White "Musialkiewicz,J"]
[Black "Wisniewski,M"]
[Result "1-0"]
[WhiteElo "2189"]
[BlackElo "1854"]

1.e4 e6 2.d4 d5 3.Nd2 a6 4.Bd3 c5 5.dxc5 Bxc5 6.Ngf3 Nf6 7.exd5 exd5 8.O-O O-O
9.h3 h6 10.Nb3 Bb6 11.Nfd4 Qd6 12.Be3 Bc7 13.f4 Ne4 14.Qf3 f5 15.c4 dxc4
16.Bxc4+ Kh8 17.Rfd1 Qg6 18.Rac1 Bd7 19.Bd5 Nc6 20.Nxc6 Bxc6 21.Bxc6 bxc6
22.Rd7 Rf7 23.Rxc6 Qxc6 24.Rxf7 Re8 25.Rxf5 Qc2 26.Rf7 Nd6 27.Rd7 Nf5 28.Bf2 Bd6
29.g4 Qc8 30.Qb7 Qxb7 31.Rxb7 Ne7 32.f5 Be5 33.Bd4 Nc6 34.Bxe5 Nxe5 35.Nc5 a5
36.Ne6 Rg8 37.Rb5 Nc4 38.b3  1-0

[Event "ch-Pan Americano U20 2012"]
[Site "Sao Paulo BRA"]
[Date "2012.07.03"]
[Round "8.9"]
[White "Proudian,Armen"]
[Black "Gaitan,Juan Manuel"]
[Result "1/2-1/2"]
[WhiteElo "2204"]
[BlackElo "2283"]

1.e4 e6 2.d4 d5 3.Nd2 Be7 4.Bd3 c5 5.dxc5 Nf6 6.Ngf3 Bxc5 7.O-O Nc6 8.c3 dxe4
9.Nxe4 Nxe4 10.Bxe4 Qxd1 11.Rxd1 Bd7 12.Bf4 f6 13.Bd6 Bxd6 14.Rxd6 Ke7 15.Rad1 Rad8
16.Kf1 Ne5 17.Nxe5 Bb5+ 18.Ke1 Rxd6 19.Rxd6 fxe5 20.Rd2 b6 21.f3 g5 22.Kf2 h6
23.b3 Rc8 24.c4 Be8 25.Ke3 a5 26.g3 b5 27.cxb5 Bxb5 28.Rc2 Rxc2 29.Bxc2 Kd6
30.a3 Kd5 31.Bd3 Bd7 32.Bc4+ Kc5 33.Ke4 Kd6 34.b4 axb4 35.axb4 Ba4 36.Ke3 Bc6
37.Bd3 Bd5 38.Be4 Kc6 39.Bd3 Kd6 40.Be2 Bc6 41.f4 exf4+ 42.gxf4 e5 43.fxe5+ Kxe5
44.b5 Bxb5  1/2-1/2

[Event "35th Barbera Open A"]
[Site "Barbera del Valles ESP"]
[Date "2012.07.04"]
[Round "1.41"]
[White "Fernandez Aguilar,F"]
[Black "Mammadova,G"]
[Result "0-1"]
[WhiteElo "1946"]
[BlackElo "2341"]

1.e4 e6 2.d4 d5 3.Nd2 Nc6 4.Ngf3 Nf6 5.e5 Nd7 6.Bb5 a6 7.Bxc6 bxc6 8.Nb3 c5
9.Bg5 Be7 10.Bxe7 Qxe7 11.dxc5 Nxc5 12.Nxc5 Qxc5 13.O-O O-O 14.Qd2 a5 15.b3 Qe7
16.Nd4 Ba6 17.Rfe1 c5 18.Nc6 Qc7 19.Nxa5 Bb5 20.b4 cxb4 21.Nb3 Ra4 22.f4 Rfa8
23.Nd4 Qc5 24.Kh1 Bd7 25.Rab1 Qc4 26.h3 b3 27.Nxb3 Qxf4 28.Qxf4 Rxf4 29.Nc5 Be8
30.Rb2 Rc4 31.Nd3 Ba4 32.Reb1 h5 33.Ne1 Re4 34.Rb8+ Rxb8 35.Rxb8+ Kh7 36.Nf3 Rc4
37.Ne1 Bxc2 38.Nxc2 Rxc2 39.a4 Re2 40.a5 Rxe5 41.Rb1 d4 42.Ra1 d3 43.Rd1 Rxa5
44.Rxd3 e5 45.h4 Ra4 46.g3 Ra2  0-1

[Event "Perla Baltyku Open 2012"]
[Site "Lazy POL"]
[Date "2012.07.04"]
[Round "5.4"]
[White "Dogodkina,J"]
[Black "Aliavdin,N"]
[Result "1-0"]
[WhiteElo "2110"]
[BlackElo "2382"]

1.e4 e6 2.d4 d5 3.Nd2 Nc6 4.c3 e5 5.dxe5 dxe4 6.Bb5 e3 7.fxe3 Qg5 8.Qf3 Ne7
9.Nc4 a6 10.e4 Qh4+ 11.g3 Qg4 12.h3 Qe6 13.Bxc6+ Nxc6 14.Qe2 Nxe5 15.Nxe5 Qxe5
16.Bf4 Qa5 17.Nf3 Be7 18.Rd1 O-O 19.Kf2 c5 20.Ne5 Be6 21.a3 Qa4 22.Ng4 Rae8
23.Kg2 Bc4 24.Qf3 Rd8 25.Ne3 Bd3 26.b4 c4 27.Nd5 Bd6 28.Rxd3 cxd3 29.Qxd3 Bxf4
30.gxf4 Qxa3 31.Rd1 Kh8 32.f5 f6 33.Qc2 a5 34.Rb1 axb4 35.Rxb4 Qa5 36.Qb3 Rfe8
37.Kf3 Qa6 38.c4 Qa1 39.Qb1 Qd4 40.Qe1 Ra8 41.Qe3 Qd1+ 42.Kg3 Ra2 43.Nc3 Qd2
44.Qxd2 Rxd2 45.Kf4 Rd3 46.Nb5 h5 47.Nc7 Re7 48.Nd5 Rd7 49.Ne3 Rc3 50.Nd5 Rxh3
51.Ra4 Rd6 52.c5 Ra6 53.Rxa6 bxa6 54.c6 Rh1 55.Nb4 Rc1 56.Nxa6 Rxc6 57.Nb4 Rc3
58.Nd5 Ra3 59.Ne7 Kh7 60.Ng6 Kh6 61.Nh4 Ra1 62.Kg3 Rg1+ 63.Kf3 Rg4  1-0

[Event "7th Vladimir Dvorkovich Cup"]
[Site "Moscow RUS"]
[Date "2012.07.04"]
[Round "5.16"]
[White "Cemhan,K"]
[Black "Fataliyeva,U"]
[Result "0-1"]
[WhiteElo "1941"]
[BlackElo "2097"]

1.e4 e6 2.d4 d5 3.Nd2 Be7 4.Bd3 c5 5.dxc5 Nf6 6.Qe2 O-O 7.Ngf3 a5 8.a4 Na6
9.e5 Nd7 10.O-O Nb4 11.Nb3 Nxd3 12.Qxd3 b6 13.Nbd4 Ba6 14.Nb5 Nxc5 15.Qe2 Qd7
16.b3 Ne4 17.Bb2 Rac8 18.c4 Nc5 19.Nfd4 f6 20.f4 dxc4 21.Qxc4 Bb7 22.f5 Bd5
23.fxe6 Nxe6 24.Qe2 Bc5 25.Kh1 Bxd4 26.Nxd4 Nxd4 27.Bxd4 Bxg2+ 28.Qxg2 Qxd4
29.e6 Qd6 30.Rfe1 Rfe8 31.Qe4 Qc6 32.Rad1 Qxe4+ 33.Rxe4 Rc6 34.Rde1 Re7 35.Kg2 g6
36.Rc4 Rexe6 37.Rxe6 Rxe6 38.Rc8+ Kg7 39.Rc7+ Kh6 40.Kf3 g5 41.Rc4 Kg6 42.Rc8 h5
43.h3 f5 44.Rg8+ Kf6 45.Rh8 g4+ 46.hxg4 hxg4+ 47.Kf2 Kg5 48.Rg8+ Kf4  0-1

[Event "35th Barbera Open A"]
[Site "Barbera del Valles ESP"]
[Date "2012.07.06"]
[Round "3.17"]
[White "Libiszewski,F"]
[Black "Mammadova,G"]
[Result "1/2-1/2"]
[WhiteElo "2505"]
[BlackElo "2341"]

1.e4 e6 2.d4 d5 3.Nd2 Nc6 4.Ngf3 Nf6 5.e5 Nd7 6.Bd3 Nb4 7.Be2 c5 8.c3 Nc6
9.O-O Be7 10.Re1 g5 11.dxc5 Nxc5 12.b4 Nd7 13.Bb5 a5 14.Nb3 axb4 15.cxb4 Nxb4
16.a4 Nc6 17.Nfd4 Na7 18.Ba3 Bxa3 19.Rxa3 Qe7 20.Qc1 O-O 21.Bd3 Kh8 22.Ra2 Nb8
23.Re3 Nbc6 24.Rh3 f5 25.exf6 Qxf6 26.Rxh7+ Kg8 27.Rh5 Nxd4 28.Rxg5+ Kh8
29.Rh5+ Kg8 30.Nxd4 Nc6 31.Rg5+ Kf7 32.Bg6+ Ke7 33.Nb5 Kd8 34.Qe3 Rg8 35.Qg3 e5
36.h4 Be6 37.Ra3 Kd7 38.h5 Rgf8 39.Bc2 Rg8 40.Rg6 Rxg6 41.hxg6 Rg8 42.Rf3 Qe7
43.Bf5 Rg7 44.Qg4 e4 45.Rh3 Ne5 46.Qf4 Bxf5 47.Qxf5+ Qe6 48.Qxe6+ Kxe6 49.Rh7 Rxg6
50.Nd4+ Kd6 51.Rxb7 Nc4 52.a5 Ke5 53.Nb3 e3 54.fxe3 Nxe3 55.Re7+ Kf4 56.Rf7+ Ke5
57.Rf2 Nc4 58.Ra2 Ra6 59.Kf2 d4 60.Ra4 Kd5 61.Rb4 Nxa5 62.Nxd4 Nc4 63.Ne2 Rf6+
64.Kg3 Nd6 65.Nf4+ Ke5 66.Nd3+ Kd5 67.Nf4+ Ke5 68.Kf3 Rf7 69.g4 Rb7 70.Nd3+ Kd5
71.Nf4+ Ke5 72.Nd3+ Kd5 73.Ra4 Nf7 74.Ra5+ Kd4 75.Ke2 Re7+ 76.Kd2 Nd6 77.Nb2  1/2-1/2

[Event "35th Barbera Open A"]
[Site "Barbera del Valles ESP"]
[Date "2012.07.06"]
[Round "3.12"]
[White "Colon Garcia,E"]
[Black "Moreno Ruiz,J"]
[Result "1-0"]
[WhiteElo "2365"]
[BlackElo "2504"]

1.e4 e6 2.d4 d5 3.Nd2 Nc6 4.Ngf3 Nf6 5.e5 Nd7 6.Bb5 a6 7.Bxc6 bxc6 8.O-O c5
9.dxc5 Nxc5 10.Re1 Be7 11.Nd4 Qd7 12.Qg4 g6 13.N2f3 h5 14.Qf4 Ne4 15.h4 Bb7
16.Nb3 a5 17.Nbd2 Qc6 18.Nxe4 dxe4 19.Ng5 O-O-O 20.Be3 Rdf8 21.Bd4 Qd5 22.Rad1 Bxg5
23.Qxg5 Rd8 24.Qe3 Rd7 25.Bc3 Qxd1 26.Rxd1 Rxd1+ 27.Kh2 Rd5 28.Qf4 Rf8 29.Qf6 Rd7
30.Bxa5 Bc6 31.Qf4 Kb7 32.Bb4 Ra8 33.a3 Ra6 34.b3 Rb6 35.Qe3 Rd5 36.Bc5 Ra6
37.a4 Ra8 38.Qc3 Kc8 39.a5 Kb7 40.b4 Rd1 41.Be3 Ba4 42.b5 Bxb5 43.Qb3 c6
44.c4  1-0

[Event "Werner-Ott-Open 2012"]
[Site "Berlin GER"]
[Date "2012.07.08"]
[Round "2.7"]
[White "Lehmann,Kl"]
[Black "Schaefer,He"]
[Result "0-1"]
[WhiteElo "2348"]
[BlackElo "2003"]

1.e4 e6 2.d4 d5 3.Nd2 Be7 4.c3 c5 5.dxc5 Nf6 6.exd5 Qxd5 7.Ngf3 O-O 8.Bc4 Qxc5
9.Qe2 Nbd7 10.O-O Qh5 11.Ne4 Nxe4 12.Qxe4 Nf6 13.Qe2 b6 14.Ba6 Nd5 15.Bxc8 Raxc8
16.c4 Nb4 17.Bd2 Rfd8 18.Bc3 Qg4 19.Bxb4 Bxb4 20.b3 Rd2 21.Qe1 Rxf2 22.Qxf2 Bc5
23.Rad1 Bxf2+ 24.Rxf2 f6 25.h3 Qg3 26.Rfd2 e5 27.Rd7 e4 28.Nd4 Rc7 29.Rd5 g6
30.Rf1 f5 31.Kh1 Rf7 32.Ne6 h6 33.Nf4 g5 34.Ne2 Qe3 35.Nd4 f4 36.Nf5 Qe2
37.Rg1 Kh7 38.Nd6 Re7 39.Nf5 Re8 40.Rd7+ Kg6 41.g4 fxg3 42.Nxg3 Qf3+ 43.Kh2 e3
44.Rd6+ Kg7 45.Rd7+ Kf6 46.Rdd1 e2 47.Rc1 Qf2+ 48.Rg2 e1=Q  0-1

[Event "11th ROC Nova Open"]
[Site "Haarlem NED"]
[Date "2012.07.08"]
[Round "6.2"]
[White "Haslinger,S"]
[Black "Gaehler,M"]
[Result "1-0"]
[WhiteElo "2536"]
[BlackElo "2302"]

1.e4 e6 2.d4 d5 3.Nd2 Nc6 4.Ngf3 Nf6 5.e5 Nd7 6.Bd3 Be7 7.c3 f6 8.exf6 Bxf6
9.O-O O-O 10.Re1 Qe7 11.Nf1 Qf7 12.Qc2 g6 13.Bf4 Bxd4 14.Bh6 Bf6 15.Bxf8 Nxf8
16.Bb5 Bd7 17.Bxc6 Bxc6 18.Qe2 Qg7 19.Ne5 Bxe5 20.Qxe5 Qxe5 21.Rxe5 Kf7 22.f4 Ke7
23.Rae1 Kd6 24.Nd2 Re8 25.Nf3 Bb5 26.g4 Nd7 27.R5e3 c5 28.Ng5 Nf8 29.f5 gxf5
30.gxf5 Bd7 31.h4 h6 32.Nf7+ Ke7 33.Nxh6 Kf6 34.Ng4+  1-0

[Event "9th South Wales Int"]
[Site "Penarth WLS"]
[Date "2012.07.08"]
[Round "2.7"]
[White "Thorpe,Thomas"]
[Black "Poobalasingam,P"]
[Result "0-1"]
[WhiteElo "1829"]
[BlackElo "2263"]

1.e4 e6 2.d4 d5 3.Nd2 Nc6 4.c3 e5 5.Ngf3 exd4 6.Nxd4 Nxd4 7.cxd4 dxe4 8.Nxe4 Qe7
9.Qe2 Bd7 10.Nc3 O-O-O 11.Qxe7 Nxe7 12.Bc4 Be6 13.Bxe6+ fxe6 14.Be3 Nd5 15.Bg5 Re8
16.O-O Bb4 17.Rac1 Ba5 18.Ne4 Ref8 19.Nc5 Re8 20.Nxe6 Rxe6 21.Rc5 Bb6 22.Rxd5 Re2
23.Rb1 Rf8 24.Be3 a6 25.a4 c6 26.Re5 g5 27.Kf1 Rc2 28.Re6 h5 29.Re5 Bd8 30.Rc5 Rxc5
31.dxc5 Bf6 32.b4 Rd8 33.Ke2 Rd5 34.Rb3 Kd7 35.Rd3 Ke6 36.Rxd5 Kxd5 37.Kd3 a5
38.bxa5 Be7 39.f3 Bd8 40.a6 bxa6 41.g3 Ke5 42.Kc4 g4 43.Bf4+ Kf5 44.fxg4+ hxg4
45.Kd4 Bf6+ 46.Kc4 Bd8 47.Kd4 Ba5 48.Bd6 Be1 49.Ke3 Bc3 50.Kd3 Be1 51.Ke3 Bc3
52.Kd3 Bb2 53.Kc4 Bf6 54.Kb4 Bd8 55.Kc4 Ke4 56.Bf4 Ba5 57.Bg5 Be1 58.Bf4  0-1

[Event "4th Rethymno Open"]
[Site "Rethymno GRE"]
[Date "2012.07.08"]
[Round "3.18"]
[White "Zinchenko,Ya"]
[Black "Townsend,M"]
[Result "1-0"]
[WhiteElo "2544"]
[BlackElo "2252"]

1.e4 e6 2.d4 d5 3.Nd2 Nc6 4.Ngf3 Nf6 5.e5 Nd7 6.c3 f6 7.exf6 Qxf6 8.Bd3 Bd6
9.Qc2 e5 10.O-O e4 11.Bxe4 dxe4 12.Nxe4 Qg6 13.Nxd6+ cxd6 14.Re1+ Kd8 15.Qxg6 hxg6
16.Ng5 Kc7 17.Ne6+ Kb6 18.d5 Nc5 19.Nxc5 dxc5 20.dxc6 Kxc6 21.Re7 Bf5 22.Rxg7 Rad8
23.Bg5 Rd5 24.Re7 Bd7 25.h4 Re8 26.Rxe8 Bxe8 27.Re1 Bf7 28.f3 Rd3 29.a3 a5
30.Kf2 a4 31.g4 Rd7 32.Kg3 Bd5 33.Re5 Rh7 34.f4 Kd6 35.Re2 Bc4 36.Re4 Bd5
37.Rxa4 Rh8 38.b4 c4 39.Bf6 Re8 40.Be5+ Kc6 41.Ra5  1-0

[Event "35th Barbera Open A"]
[Site "Barbera del Valles ESP"]
[Date "2012.07.09"]
[Round "6.14"]
[White "Sanchez Ibern,M"]
[Black "Perez Mitjans,O"]
[Result "0-1"]
[WhiteElo "2364"]
[BlackElo "2504"]

1.e4 e6 2.d4 d5 3.Nd2 Nc6 4.Ngf3 Nf6 5.e5 Nd7 6.c3 f6 7.Bb5 a6 8.Bxc6 bxc6
9.O-O f5 10.Nb3 a5 11.Bg5 Be7 12.Qd2 h6 13.Bxe7 Qxe7 14.c4 a4 15.Na5 Nb6
16.c5 Nc4 17.Nxc4 dxc4 18.Qc3 O-O 19.Nd2 f4 20.f3 Ba6 21.Nxc4 Rf5 22.Rfd1 Qh4
23.Nd2 Rh5 24.h3 Rg5 25.Ne4 Rg6 26.Kh2 Rf8 27.b3 a3 28.Qa5 Bb5 29.Qe1 Qd8
30.Rac1 Rf5 31.Rc3 Kh7 32.Rd2 h5 33.b4 Rh6 34.h4 Rg6 35.Kh3 Kh6 36.Qc1 Rf8
37.Rxa3 Qe7 38.Ra5 Qf7 39.a4 Rg4 40.fxg4 hxg4+ 41.Kxg4 Be2+ 42.Kh3 Qh5 43.Nf2 g5
44.Kh2 Qxh4+ 45.Kg1 f3 46.Qe1 Qg3 47.Ng4+ Qxg4 48.Qf2 Kg7 49.Ra7 Rf7 50.g3 Qh3
51.Ra8 g4 52.Ra2 Rf5 53.Ra1 Rh5  0-1

[Event "World Blitz Final"]
[Site "Astana KAZ"]
[Date "2012.07.10"]
[Round "19"]
[White "Karjakin,Sergey"]
[Black "Topalov,V"]
[Result "1/2-1/2"]
[WhiteElo "2779"]
[BlackElo "2752"]

1.e4 e6 2.d4 d5 3.Nd2 Be7 4.Ngf3 Nf6 5.e5 Nfd7 6.Bd3 c5 7.c3 Nc6 8.O-O a5
9.a4 b6 10.Qe2 Bb7 11.Nb1 cxd4 12.cxd4 Nb4 13.Bb5 Ba6 14.Be3 Bxb5 15.axb5 Rc8
16.Nc3 O-O 17.Rfc1 Rc7 18.Na4 Qb8 19.Rxc7 Qxc7 20.Rc1 Qb7 21.b3 Rc8 22.Qd2 Rxc1+
23.Qxc1 Bd8 24.Bd2 Qc7 25.Qxc7 Bxc7 26.Ne1 f6 27.f4 Kf7 28.Kf2 Bd8 29.Bxb4 axb4
30.Nd3 Be7 31.g4 fxe5 32.Nxe5+ Nxe5 33.dxe5 Bd8 34.f5 exf5 35.gxf5 g6 36.f6 Bc7
37.Ke3 Bxe5 38.Nxb6 Bxh2 39.Nxd5 h5 40.b6 Ke6 41.b7 g5 42.Kf3 g4+ 43.Ke4 Bd6
44.Nf4+ Kxf6 45.Nxh5+ Ke6 46.Ng7+ Kd7 47.Nf5 Bb8 48.Ne3 g3 49.Kf3 Kc6 50.Nc2 Kxb7
51.Nxb4  1/2-1/2

[Event "11th La Fere Open"]
[Site "La Fere FRA"]
[Date "2012.07.11"]
[Round "6.12"]
[White "Sobry,S"]
[Black "Cretin,Stephane"]
[Result "1-0"]
[WhiteElo "2039"]
[BlackElo "1640"]

1.e4 e6 2.d4 d5 3.Nd2 Be7 4.e5 Nc6 5.c3 Nh6 6.Bd3 Nf5 7.Ndf3 Bd7 8.Ne2 a6
9.Nf4 h5 10.Bxf5 exf5 11.Nxd5 Be6 12.Nxe7 Qxe7 13.Qc2 O-O-O 14.Be3 Na5 15.b3 Qa3
16.b4 Bb3 17.Qc1 Nc4 18.axb3 Qxb3 19.Nd2 Nxd2 20.Qxd2 Qd5 21.O-O Rhg8 22.Ra5 Qe4
23.f3 Qc6 24.b5  1-0

[Event "Irish Championships 2012"]
[Site "Dublin IRL"]
[Date "2012.07.12"]
[Round "6.1"]
[White "Brady,S"]
[Black "Redmond,J"]
[Result "1/2-1/2"]
[WhiteElo "2364"]
[BlackElo "2234"]

1.e4 e6 2.d4 d5 3.Nd2 Be7 4.Ngf3 Nf6 5.e5 Nfd7 6.c3 c5 7.Bd3 b6 8.Nc4 Qc7
9.Ne3 Ba6 10.Bxa6 Nxa6 11.O-O Qb7 12.Re1 Nc7 13.h4 c4 14.Ng4 h6 15.Bf4 b5
16.Qd2 Bf8 17.b3 Nb6 18.Ne3 Be7 19.Qe2 Qc6 20.Nd2 Kd7 21.bxc4 bxc4 22.Bg3 Na4
23.Qf3 Rhf8 24.Rac1 Nb6 25.Qg4 Rg8 26.h5 Qa4 27.Rc2 Rab8 28.Rb1 Nb5  1/2-1/2

[Event "9th South Wales Int"]
[Site "Penarth WLS"]
[Date "2012.07.12"]
[Round "8.4"]
[White "Rudd,J"]
[Black "Poobalasingam,P"]
[Result "1-0"]
[WhiteElo "2295"]
[BlackElo "2263"]

1.e4 e6 2.d4 d5 3.Nd2 Nc6 4.Ngf3 Nf6 5.e5 Nd7 6.Bd3 f6 7.Ng5 Ndxe5 8.dxe5 fxg5
9.Qh5+ Kd7 10.Nf3 h6 11.h4 g4 12.Qxg4 Nb4 13.Bg6 c5 14.Bd2 Nc6 15.c4 Kc7
16.O-O b6 17.b4 cxb4 18.Rac1 Bc5 19.Rfd1 Kb7 20.Be3 Qc7 21.Qg3 Rd8 22.Nd4 Bxd4
23.Bxd4 Bd7 24.cxd5 exd5 25.Bb2 Be6 26.f4 Qd7 27.Bd3 Ne7 28.Qe1 Qa4 29.Qe2 a6
30.Bd4 Rac8 31.Qf2 Rxc1 32.Rxc1 Rc8 33.Rxc8 Bxc8 34.Bxb6 b3 35.axb3 Qxb3
36.Bc5 Qxd3 37.Bxe7 d4 38.Bc5 Qe3 39.Bxd4 Qxf2+ 40.Kxf2 Kc6 41.Kf3 Kd5 42.Bb2 h5
43.Ke3 Bf5 44.Ba3 Kc4 45.Bf8 g6 46.g3 a5 47.Be7 a4 48.Bf8 Bd7 49.Ke4 Be6
50.Be7 Bf5+ 51.Ke3 Kb3 52.Kd4 Be6 53.Bd6 Kc2 54.Bb4 Kb3 55.Kc5 Bf5 56.Bd2 Kc2
57.Bb4 Kb3 58.Be1 a3 59.Bf2 Kc2 60.Bd4 Kd3 61.Ba1 Ke4 62.Kd6 Kf3 63.e6 Bc2
64.Be5 a2 65.e7 Ba4 66.Ke6 a1=Q 67.Bxa1 Kxg3 68.Bf6 Kxf4 69.Bg5+ Ke4 70.Kf7 Kf5
71.e8=Q  1-0

[Event "4th Rethymno Open"]
[Site "Rethymno GRE"]
[Date "2012.07.12"]
[Round "7.14"]
[White "Zubarev,Al1"]
[Black "Markidis,K"]
[Result "0-1"]
[WhiteElo "2596"]
[BlackElo "2291"]

1.e4 e6 2.d4 d5 3.Nd2 Be7 4.Ngf3 Nf6 5.e5 Nfd7 6.Bd3 c5 7.c3 Nc6 8.O-O a5
9.Re1 cxd4 10.cxd4 a4 11.Nf1 a3 12.Ng3 axb2 13.Bxb2 Nb4 14.Bb5 O-O 15.a3 Nc6
16.Qc2 Nb6 17.Bd3 g6 18.Qd2 f5 19.exf6 Bxf6 20.Ne2 Na4 21.Nf4 Bg5 22.Nxg5 Qxg5
23.g3 Nxb2 24.h4 Qf6 25.Qxb2 Nxd4 26.Reb1 e5 27.Nxd5 Nf3+ 28.Kf1 Bh3+ 29.Ke2 Nd4+
30.Ke1 Qf3 31.Ne3 Rad8 32.Ra2 Qh1+ 33.Nf1 Bxf1 34.Bxf1 Qe4+  0-1

[Event "ch-SUI Hauptturnier 1 2012"]
[Site "Flims SUI"]
[Date "2012.07.13"]
[Round "2"]
[White "Stoeri,S"]
[Black "Bauer,Ch"]
[Result "0-1"]
[WhiteElo "2186"]
[BlackElo "2681"]

1.e4 e6 2.d4 d5 3.Nd2 a6 4.c3 c5 5.exd5 exd5 6.dxc5 Bxc5 7.Ngf3 Nf6 8.Nb3 Bb6
9.Qe2+ Be6 10.Be3 O-O 11.O-O-O Re8 12.Nfd4 Bd7 13.f3 a5 14.Qf2 a4 15.Na1 a3
16.b3 Qc8 17.Qd2 Ba5 18.Ne2 Bb5 19.Bd4 Bxe2 20.Bxe2 Nc6 21.Bxf6 gxf6 22.Bb5 d4
23.Qf4 Nb4 24.Qxd4 Nxa2+ 25.Kc2 Bxc3 26.Qg4+ Qxg4 27.fxg4 Rac8 28.Bxe8 Nb4+
29.Kc1 Bxa1+ 30.Kd2 Bc3+  0-1

[Event "119th ch-SCO 2012"]
[Site "Glasgow SCO"]
[Date "2012.07.13"]
[Round "7.16"]
[White "Tate,A"]
[Black "Buchanan,W"]
[Result "1-0"]
[WhiteElo "2346"]
[BlackElo "2127"]

1.e4 e6 2.d4 d5 3.Nd2 Nc6 4.Ngf3 Nf6 5.e5 Nd7 6.Bd3 Nb4 7.Be2 c5 8.c3 Nc6
9.O-O Be7 10.Re1 O-O 11.Bd3 cxd4 12.cxd4 f6 13.exf6 Nxf6 14.Nf1 Bd6 15.Bd2 Qb6
16.Bc3 Bd7 17.Rc1 Kh8 18.Ng3 Rad8 19.Bb1 Bc8 20.Ne5 Ne4 21.Nxe4 dxe4 22.Nxc6 bxc6
23.Bxe4 Bf4 24.Qh5 Bh6 25.Rcd1 Qb5 26.Qh4 Qg5 27.Qxg5 Bxg5 28.Bxc6 Bf6 29.g3 Rf7
30.h4 Rc7 31.Ba4 Rd6 32.Bb3 Kg8 33.Re4 Kf7 34.Bb4 Ra6 35.Rde1 h6 36.h5 Bb7
37.Rxe6 Rxe6  1-0

[Event "27th Gniota Memorial"]
[Site "Police POL"]
[Date "2012.07.13"]
[Round "3.3"]
[White "Franzen,Joz"]
[Black "Urban,K"]
[Result "0-1"]
[WhiteElo "2304"]
[BlackElo "2453"]

1.e4 e6 2.d4 d5 3.Nd2 Be7 4.Bd3 c5 5.dxc5 Nf6 6.exd5 Qxd5 7.Ngf3 Qxc5 8.O-O O-O
9.Nc4 Nbd7 10.Re1 Qc7 11.Bg5 Nc5 12.Bf1 b5 13.Nce5 a6 14.Qd4 h6 15.Bh4 Bb7
16.Bg3 Rad8 17.Qe3 Qc8 18.c4 b4 19.Rad1 Nce4 20.Bd3 Bc5 21.Qe2 Nxg3 22.hxg3 Qc7
23.Bb1 Rxd1 24.Rxd1 Rd8 25.Rxd8+ Qxd8 26.Kf1 Qc7 27.Bc2 Bd6 28.Bd3 Kf8 29.Bc2 Ke7
30.Qe3 Bxf3 31.Nxf3 Qxc4+ 32.Bd3 Qxa2 33.Qa7+ Nd7 34.Qxa6 Qxb2 35.Qc4 Qa1+
36.Ke2 Qb2+ 37.Kf1 Bc5 38.Bc2 g5 39.Ne1 Qa1 40.Ke2 Qe5+ 41.Kf1 Qd4 42.Qxd4 Bxd4
43.Nd3 Bc3 44.Ke2 Nb6 45.Bb3 h5 46.Nc5 Nd5 47.Kd3 Nf6 48.Ne4 Ng4 49.f3 Ne5+
50.Kc2 h4 51.Nxg5 hxg3 52.Ne4 Nxf3 53.Nxg3 Ne1+  0-1

[Event "20th Metropolitan IM"]
[Site "Los Angeles USA"]
[Date "2012.07.14"]
[Round "6"]
[White "Liou,Y"]
[Black "Abrahamyan,T"]
[Result "1-0"]
[WhiteElo "2322"]
[BlackElo "2320"]

1.e4 e6 2.d4 d5 3.Nd2 Be7 4.Bd3 c5 5.dxc5 Nf6 6.Qe2 O-O 7.Ngf3 a5 8.O-O Na6
9.e5 Nd7 10.c4 Naxc5 11.Bc2 f6 12.cxd5 exd5 13.exf6 Bxf6 14.Nb3 Nxb3 15.axb3 Re8
16.Qd3 Nf8 17.b4 Be6 18.bxa5 Bf7 19.Qb5 Qd6 20.Bd2 Ne6 21.Rac1 Bh5 22.Bd1 Red8
23.b4 Rd7 24.Re1 Bxf3 25.Bxf3 Nd4 26.Qd3 Nxf3+ 27.Qxf3 d4 28.Qd3 Rf8 29.g3 Rdf7
30.Re4 Qd5 31.Rce1 g5 32.b5 Bg7 33.f4 Qf5 34.Qc4 gxf4 35.Rxf4 Qd7 36.Ref1 d3
37.Rxf7 Rxf7 38.Rxf7 Qxf7 39.Qxf7+ Kxf7 40.Kf2 Ke6 41.a6 bxa6 42.bxa6 Bd4+
43.Kf3 Kd5 44.Be3  1-0

[Event "7th Nana Aleksandria Cup"]
[Site "Poti GEO"]
[Date "2012.07.15"]
[Round "2.20"]
[White "Beraia,L"]
[Black "Poghosyan,S"]
[Result "0-1"]
[WhiteElo "2003"]
[BlackElo "2321"]

1.e4 e6 2.d4 d5 3.Nd2 Be7 4.Ngf3 Nf6 5.Bd3 c5 6.c3 Nc6 7.O-O dxe4 8.Nxe4 cxd4
9.cxd4 O-O 10.Be3 Nb4 11.Nxf6+ Bxf6 12.Be4 Nd5 13.Qb3 Nxe3 14.fxe3 Rb8 15.Rac1 b6
16.Rc3 Be7 17.Ne5 Bd6 18.Qc2 Bxe5 19.dxe5 Qh4 20.Rf4 Qh5 21.g3 g6 22.Rc7 Qxe5
23.Rxa7 f5 24.Bf3 g5 25.Rc4 Qxe3+ 26.Kg2 Rd8 27.Qd3 Qxd3  0-1

[Event "11th Condom Open A"]
[Site "Condom FRA"]
[Date "2012.07.16"]
[Round "4.3"]
[White "Karpatchev,A"]
[Black "Bressac,S"]
[Result "1-0"]
[WhiteElo "2431"]
[BlackElo "2320"]

1.e4 e6 2.d4 d5 3.Nd2 Nc6 4.Ngf3 Nf6 5.e5 Nd7 6.Bd3 f6 7.Ng5 Ndxe5 8.dxe5 fxg5
9.Qh5+ Kd7 10.Nf3 g6 11.Qh3 Be7 12.Qg3 Nb4 13.Bxg5 Bxg5 14.Nxg5 Nxd3+ 15.cxd3 Qe7
16.O-O b6 17.Rfc1 Bb7 18.b4 h6 19.Nf3 Qxb4 20.Qxg6 Qe7 21.d4 Raf8 22.Rc3 Rf5
23.Rac1 c6 24.Nh4 Qxh4 25.Qg7+ Ke8 26.Rg3 Qf4 27.Rf1 Ba6 28.Rg4 Qxg4 29.Qxg4 Bxf1
30.Qg6+ Kf8 31.Kxf1 Rf7 32.Qxe6 Kg7 33.Qxc6 Rd8 34.g3  1-0

[Event "35th Taminco Open"]
[Site "Ghent BEL"]
[Date "2012.07.16"]
[Round "5.2"]
[White "Klundt,K"]
[Black "Hovhanisian,M"]
[Result "0-1"]
[WhiteElo "2358"]
[BlackElo "2485"]

1.e4 e6 2.d4 d5 3.Nd2 a6 4.Ngf3 Nf6 5.Bd3 c5 6.exd5 exd5 7.dxc5 Bxc5 8.O-O O-O
9.Nb3 Bb6 10.Bg5 Nc6 11.Re1 Bg4 12.c3 Qd6 13.Bh4 Rfe8 14.Be2 Ne4 15.Nfd4 Bd7
16.Bg4 Nxd4 17.Nxd4 Bxg4 18.Qxg4 Bxd4 19.cxd4 Qb4 20.Red1 Qxb2 21.f3 Nc3
22.Bf6 g6 23.Re1 Qd2 24.Re5 h5 25.Qh4 Ne2+ 26.Kh1 Rac8 27.Rf1 Rxe5 28.Bxe5 Qc1  0-1

[Event "Sparkassen Open A"]
[Site "Dortmund GER"]
[Date "2012.07.17"]
[Round "4.15"]
[White "Richters,M"]
[Black "Mundorf,J"]
[Result "1/2-1/2"]
[WhiteElo "2045"]
[BlackElo "2174"]

1.e4 e6 2.d4 d5 3.Nd2 Nc6 4.Ngf3 Nf6 5.e5 Nd7 6.c3 f6 7.Bb5 fxe5 8.dxe5 a6
9.Bxc6 bxc6 10.Nb3 a5 11.Nbd4 Nc5 12.Ng5 Ba6 13.Ngxe6 Nxe6 14.Nxe6 Qe7 15.Nxf8 Qxe5+
16.Be3 Rxf8 17.Qg4 Qf5 18.Qxf5 Rxf5 19.O-O-O a4  1/2-1/2

[Event "27th Gniota Memorial"]
[Site "Police POL"]
[Date "2012.07.17"]
[Round "7.7"]
[White "Jacek,K"]
[Black "Musialkiewicz,P"]
[Result "0-1"]
[WhiteElo "2074"]
[BlackElo "2090"]

1.e4 e6 2.d4 d5 3.Nd2 Nc6 4.Ngf3 Nf6 5.e5 Nd7 6.c3 f6 7.Bb5 fxe5 8.dxe5 Be7
9.Nb3 O-O 10.Bxc6 bxc6 11.Nbd4 Nb8 12.O-O c5 13.Ne2 Bb7 14.Nf4 Qd7 15.h4 Nc6
16.Re1 Rf5 17.g4 Rf7 18.Kh2 Raf8 19.Kg3 d4 20.Qd3 Nb8 21.Ng5 Bxg5 22.hxg5 Qc6
23.f3 g6 24.c4 Qd7 25.Bd2 Qe7 26.Rf1 Qxg5 27.Nh3 Qxe5+ 28.f4 Qd6 29.Ng5 Re7
30.Rae1 Nd7 31.Ne4 Qc6 32.Rf2 e5 33.f5 gxf5 34.gxf5 Nf6 35.Bg5 Rg7  0-1

[Event "ch-PHI Grand Final 2012"]
[Site "Boracay PHI"]
[Date "2012.07.18"]
[Round "5.3"]
[White "Paragua,M"]
[Black "Sadorra,J"]
[Result "1-0"]
[WhiteElo "2508"]
[BlackElo "2525"]

1.e4 e6 2.d4 d5 3.Nd2 Be7 4.c3 c5 5.dxc5 Bxc5 6.Bd3 Nc6 7.Ngf3 Nf6 8.Qe2 Qc7
9.O-O O-O 10.e5 Nd7 11.Nb3 Bb6 12.Re1 f6 13.exf6 Nxf6 14.Nbd4 e5 15.Nxe5 Nxd4
16.cxd4 Bxd4 17.Bf4 Qb6 18.Rab1 Ng4 19.Nxg4 Bxg4 20.Qxg4 Bxf2+ 21.Kh1 Bxe1
22.Rxe1 Rf7 23.Qh5 g6 24.Qxd5 Rd8 25.Bh6 Qf6 26.Bc4 Rxd5 27.Re8+ Rf8 28.Bxd5+  1-0

[Event "ch-SUI Hauptturnier 1 2012"]
[Site "Flims SUI"]
[Date "2012.07.18"]
[Round "7"]
[White "Studer,N"]
[Black "Moor,O"]
[Result "1-0"]
[WhiteElo "2251"]
[BlackElo "2371"]

1.e4 e6 2.d4 d5 3.Nd2 a6 4.Ngf3 Nf6 5.e5 Nfd7 6.Bd3 c5 7.c3 Nc6 8.O-O g5
9.Bb1 g4 10.Ne1 h5 11.Nb3 c4 12.Nd2 Rg8 13.f4 f5 14.exf6 Nxf6 15.b3 b5 16.Bb2 Bd7
17.Qe2 Be7 18.Nc2 Qb6 19.Kh1 Kd8 20.f5 exf5 21.Ne3 Qb7 22.Bxf5 Ra7 23.Rae1 Kc8
24.a4 cxb3 25.Bxd7+ Qxd7 26.axb5 axb5 27.Nxb3 Na5 28.Nc5 Qc6 29.Nd3 Nc4 30.Ne5 Qb6
31.N5xc4 bxc4 32.Rxf6 Bxf6 33.Nxd5 Qc6 34.Nb4  1-0

[Event "5th Paleochora Open"]
[Site "Paleochora GRE"]
[Date "2012.07.18"]
[Round "4.24"]
[White "Canonne,A"]
[Black "Markidis,K"]
[Result "0-1"]
[WhiteElo "2016"]
[BlackElo "2291"]

1.e4 e6 2.d4 d5 3.Nd2 Be7 4.c3 c5 5.exd5 exd5 6.Ngf3 Nf6 7.Bb5+ Nc6 8.O-O O-O
9.dxc5 Bxc5 10.Nb3 Bb6 11.h3 a6 12.Bd3 Ne4 13.Bf4 Qf6 14.Bh2 Bf5 15.Be2 Rfe8
16.Nbd4 Bg6 17.Re1 Bh5 18.Qd3 Bxf3 19.Bxf3 Nxd4 20.cxd4 Bxd4 21.Rxe4 dxe4
22.Bxe4 Bxf2+ 23.Kh1 Rad8 24.Qc2 Be3 25.Bxh7+ Kh8 26.Bd3 Qd4 27.Bf5 Qc5 28.Qxc5 Bxc5
29.Bg4 Rd2 30.Rb1 Bd4 31.Bf4 Rxb2 32.Rd1 Bf6 33.Rd7 Re7 34.Rd8+ Kh7 35.Rd5 Rxa2
36.Bf3 Rb2 37.Bd6 Rd7 38.Rh5+ Kg8 39.Ba3 Rb3 40.Bc5 g6  0-1